000 00766nas a2200289 4500
001 BR9511516
003 BR-BrBNA
005 20231205094605.0
007 ta
008 230509b bl.|||p| |||| 00| 00por d
040 _aBR-BrBNA
_bpor
_cBiblioteca Nacional de Agricultura
041 _a(Pt)
072 _aH10
100 1 _aAnon.
245 1 _aCouves e repolhos precisam de defesa contra as pragas
650 _aCouve
650 _aRepolho
650 _aPulga
650 _aLagarta
650 _aBroca
650 _aCaramujo
650 _aLesma
650 _aPraga de Planta
773 0 _tAgricultura e Pecuaria (Brazil)
_xISSN 0100-249X
_g(Jun 1974), M. 591 p. 48-56
_wBR9511516
909 _a202311
_bLúcia
_c55
_dLúcia Elande
942 _2AGRIS
_n0
_cANA
999 _c145484
_d145484